| 000 | 00606nam a2200193 i 4500 | ||
|---|---|---|---|
| 001 | 50246 | ||
| 003 | ES-MaACL | ||
| 005 | 20250712081853.0 | ||
| 007 | t| | ||
| 008 | 030801s1953 sp ||||1| spa d | ||
| 100 | 1 |
_aCruz Hernández, Miguel. _941830 |
|
| 245 | 1 | 0 |
_aFrancisco Brentano / _cMiguel Cruz Hernández. |
| 260 |
_aSalamanca : _bUniversidad, _c1953 ( _fNúñez) |
||
| 300 |
_a252 p. ; _c25 cm. |
||
| 490 | 1 |
_aActa Salmanticensia. Filosofía y letras ; _vT. VI, 2 |
|
| 830 | 0 | 0 |
_aActa Salmanticensia _vT. VI, 2 _9181394 |
| 852 |
_aES-MaACL _jC-7487 _bR.35555 |
||
| 999 |
_c50246 _d50246 |
||